| 000 | 01055nam a22001937a 4500 | ||
|---|---|---|---|
| 999 |
_c62757 _d62757 |
||
| 003 | Ge_BSU | ||
| 005 | 20250207172757.0 | ||
| 008 | 250207s2011 ge ||||| |||| 00| 0 geo d | ||
| 020 | _a9789941917448 | ||
| 041 | _ageo | ||
| 080 | _a349.3:61 M-46 | ||
| 245 |
_aსამედიცინო სამართალი = Medical law : _bშავი ზღვის ქვეყნების სამეცნ. სიმპოზიუმი, 21 სექტემბერი 2011 / _cრედ. ლაშა-გიორგი კუტალია. |
||
| 264 |
_aთბილისი : _bგრ. რობაქიძის სახ. უნ-ტის გამ-ბა, _c2011. |
||
| 300 |
_a188 გვ. ; _b 24 სმ. |
||
| 500 | _a ყდა ინგლ. მასალები ქართ., გერმ. და ინგლ. | ||
| 653 | _aსამედიცინო სამართალი | ||
| 700 |
_aკუტალია, ლაშა-გიორგი _eრედაქტორი _924278 |
||
| 942 |
_2udc _cᲬᲘᲒᲜᲘ |
||